|
|
|
|
| LEADER |
00000cas a2200000 c 4500 |
| 001 |
130439002 |
| 003 |
DE-627 |
| 005 |
20250604124348.0 |
| 007 |
tu |
| 008 |
931116d19551989fr z| p| 0 |0und c |
| 016 |
7 |
|
|a 013786334
|2 DE-101
|
| 016 |
7 |
|
|a 700726-7
|2 DE-600
|
| 022 |
|
|
|a 0035-130X
|
| 030 |
|
|
|a REALA
|
| 035 |
|
|
|a (DE-627)130439002
|
| 035 |
|
|
|a (DE-603)066373786
|
| 035 |
|
|
|a (DE-576)015935264
|
| 035 |
|
|
|a (DE-599)ZDB700726-7
|
| 035 |
|
|
|a (OCoLC)183227533
|
| 040 |
|
|
|a DE-627
|b ger
|c DE-627
|e rakwb
|
| 044 |
|
|
|c XA-FR
|
| 082 |
0 |
4 |
|a 340
|a 610
|q DE-600
|
| 084 |
|
|
|a 44.00
|2 bkl
|
| 210 |
1 |
0 |
|a REV. ALCOOL.
|
| 210 |
1 |
0 |
|a Rev 'Alcool
|
| 245 |
0 |
3 |
|a La Revue de l'alcoolisme
|c Groupement Médical d'Études sur l'Alcoolisme
|
| 264 |
3 |
1 |
|a Paris
|b [Verlag nicht ermittelbar]
|c 1955-1989
|
| 336 |
|
|
|a Text
|b txt
|2 rdacontent
|
| 337 |
|
|
|a ohne Hilfsmittel zu benutzen
|b n
|2 rdamedia
|
| 338 |
|
|
|a Band
|b nc
|2 rdacarrier
|
| 362 |
0 |
|
|a 1.1955 - 34.1989; damit Ersch. eingest.
|
| 363 |
0 |
0 |
|a 1
|i 1955
|
| 363 |
1 |
0 |
|a 34
|i 1989
|
| 591 |
|
|
|a 38M!
|
| 655 |
|
7 |
|a Zeitschrift
|0 (DE-588)4067488-5
|0 (DE-627)10454466X
|0 (DE-576)20917000X
|2 gnd-content
|
| 935 |
|
|
|a mkri
|
| 936 |
b |
k |
|a 44.00
|
| 951 |
|
|
|a JT
|
| ELC |
|
|
|b 1
|
| LOK |
|
|
|0 000 xxxxxcy a22 3n 4500
|
| LOK |
|
|
|0 001 2119253390
|
| LOK |
|
|
|0 003 DE-627
|
| LOK |
|
|
|0 004 130439002
|
| LOK |
|
|
|0 005 20031115000000
|
| LOK |
|
|
|0 008 881013||||||||||||||||ger|||||||
|
| LOK |
|
|
|0 035
|a (DE-600)034535659
|
| LOK |
|
|
|0 040
|a DE-Frei85
|c DE-627
|d DE-Frei85
|
| LOK |
|
|
|0 852
|8 1
|
| LOK |
|
|
|0 852
|a DE-Frei85
|
| LOK |
|
|
|0 852 1
|9 00
|
| LOK |
|
|
|0 85900
|8 1.1
|a 20
|i 1974
|
| LOK |
|
|
|0 85910
|8 1.2
|a 34
|i 1989
|
| LOK |
|
|
|0 86630
|a 20.1974 - 34.1989
|
| LOK |
|
|
|0 939
|a 13-10-88
|b z01
|
| ORI |
|
|
|a SA-MARC-krimdoka001.raw
|